| 000 | 00590nam a22001937a 4500 | ||
|---|---|---|---|
| 999 |
_c9245 _d9245 |
||
| 003 | GBCCL | ||
| 005 | 20241126110708.0 | ||
| 008 | 220620b ||||| |||| 00| 0 eng d | ||
| 020 | _a1784983632 | ||
| 020 | _a9781784983635 | ||
| 040 | _cgbc | ||
| 082 |
_a253 _bASH |
||
| 100 |
_aAsh, Christopher _916075 |
||
| 245 |
_aThe book your pastor wishes you would read : _b(but is too embarrassed to ask) / _cChristopher Ash |
||
| 260 |
_a[Place of publication not identified] _bThe Good Book Company, _c2019. |
||
| 300 |
_a126 pages : _b18 cm. |
||
| 650 |
_aClergy _94397 |
||
| 942 |
_2ddc _cBK _01 |
||